| 000 | 00588pam a2200229 4500 | ||
|---|---|---|---|
| 005 | 20260322212015.0 | ||
| 008 | data | ||
| 010 | _a 72003635 | ||
| 020 | _a0139417737 | ||
| 020 | _a9780139417733 | ||
| 040 |
_aDLC _cDLC _dDLC |
||
| 050 | 0 | 0 |
_aGV865.B57 _bA3 |
| 082 | 0 | 0 |
_aB _aB |
| 100 | 1 |
_aBlue, Vida, _d1949- |
|
| 245 | 1 | 0 |
_aVida: his own story, _cVida Blue & Bill Libby. |
| 260 |
_aEnglewood Cliffs, N.J., _bPrentice-Hall _c[1972] |
||
| 300 |
_a248 p. _billus. _c24 cm. |
||
| 350 | _a{dollar}6.95 | ||
| 600 | 1 | 0 |
_aBlue, Vida, _d1949- |
| 700 | 1 |
_aLibby, Bill, _ejoint author. |
|
| 001 | data | ||
| 999 |
_c332 _d332 |
||